00964nam a2200217 450000500170000000800410001702000180005804100120007608200160008810000210010424500580012526000230018330000080020636500180021452003010023265000130053370000170054694200070056399900190057095201570058920260203120813.0260108b |||||||| |||| 00| 0 eng d a9781782217343 aEnglish bDACa746.43 aDace Roz9216208 aNeedle Felting for Beginners: How to Sculpt With Wool bSearch Pressc2025 a128 b869.65cRs.00 a• What is needle felting? • What you need • Basic techniques • The projects. Heart bunting • Polly Bunny • Small world pincushion • Moon gazing hare • Little robin • Amanda Panda • Roving rabbit • Forest mouse • Felt a face • Shabby sheep • Playful dog • Crafty fox  aKnitting aBalchin Judy cBK c369753d369753 00102ddc4070aSOFTbSOFTd2025-12-31eDesign Book Studiog869.65i254l0oDAC 746.43pSOFT-BK-4804r2026-01-08 11:20:00t25%v1159.54w2025-11-22yBK